[Event "Havana Municipal-ch 12th"]
[Site "Havana"]
[Date "2009.09.26"]
[Round "9"]
[White "Darias Camacho, Fernando Bernard"]
[Black "Arias Danel, Alejandro"]
[Result "1-0"]
[WhiteElo "1906"]
[BlackElo "1780"]
[PlyCount "73"]
[EventDate "2009.09.15"]
[EventType "swiss"]
[EventRounds "11"]
[EventCountry "CUB"]
[EventCategory "1"]
[SourceTitle "EXT 2012"]
[Source "ChessBase"]
[SourceDate "2011.11.24"]
[SourceVersion "1"]
[SourceVersionDate "2011.11.24"]
[SourceQuality "1"]

1. d4 Nf6 2. Nf3 e6 3. e3 b6 4. Bd3 Bb7 5. Nbd2 c5 6. 0-0 d5 7. b3 Nbd7 8. Bb2 Bd6 9. Ne5 Rc8 10. c4 Qe7 11. Qe2 Ne4 12. Nxd7 Kxd7 13. cxd5 exd5 14. dxc5 Rxc5 15. Ba3 Rc7 16. Bxd6 Nxd6 17. Qg4+ Qe6 18. Qxg7 Rcc8 19. Bxh7 d4 20. e4 Ke7 21. Rac1 Qf6 22. Qxf6+ Kxf6 23. e5+ Kxe5 24. Rfe1+ Kf4 25. Rxc8 Rxc8 26. g3+ Kg4 27. h3+ Kxh3 28. Nc4 Rxc4 29. bxc4 Bf3 30. Bd3 Kg4 31. Re7 f5 32. Rxa7 Ne4 33. Bxe4 Bxe4 34. Ra6 d3 35. Rxb6 d2 36. Rd6 Bb1 37. Rxd2 1-0

[Event "Havana Municipal-ch 12th"]
[Site "Havana"]
[Date "2009.09.25"]
[Round "8"]
[White "Arias Danel, Alejandro"]
[Black "Cordero Leandro, Jorge Pablo"]
[Result "0-1"]
[WhiteElo "1780"]
[BlackElo "2064"]
[PlyCount "84"]
[EventDate "2009.09.15"]
[EventType "swiss"]
[EventRounds "11"]
[EventCountry "CUB"]
[EventCategory "1"]
[SourceTitle "EXT 2012"]
[Source "ChessBase"]
[SourceDate "2011.11.24"]
[SourceVersion "1"]
[SourceVersionDate "2011.11.24"]
[SourceQuality "1"]

1. e4 Nf6 2. Nc3 d5 3. e5 Ne4 4. d4 Nxc3 5. bxc3 e6 6. Bd3 b6 7. Qg4 Ba6 8. Nf3 Bxd3 9. cxd3 Qc8 10. 0-0 Nc6 11. a4 h5 12. Qh4 Qd8 13. Qg3 Ne7 14. Nh4 a5 15. Bg5 Qd7 16. Rfd1 g6 17. Bf6 Rg8 18. c4 g5 19. Nf3 Nf5 20. Qh3 g4 21. Qxh5 gxf3 22. Qxf3 Nxd4 23. Qh5 Be7 24. Qh7 0-0-0 25. cxd5 Qxd5 26. g3 Bxf6 27. exf6 Rh8 28. Qe4 Qxe4 29. dxe4 Rh6 30. Rd3 Nc2 31. Rxd8+ Kxd8 32. Rd1+ Kc8 33. h4 c5 34. e5 Rh5 35. f4 Ne3 36. Rb1 Kc7 37. Rb3 Nf5 38. Kf2 Kc6 39. Rd3 Rh8 40. Kf3 Kc7 41. Rd1 Rd8 42. Rc1 Rd3+ 0-1